Movies Quiz

Random Movies Quiz

Jedi Knights Quiz Stats

 Plays Quiz not verified by Sporcle

Score 0/17 Timer 15:00
0 Plays Today
% Correct
Yoda
96.8%
Obi-Wan Kenobi
93.5%
Mace Windu
93.5%
Anakin Skywalker
93.5%
Luke Skywalker
85.5%
Kit FIsto
80.6%
Plo Koon
75.8%
Qui-Gon Jinn
72.6%
Rey
69.4%
% Correct
Ki-Adi-Mundi
67.7%
Ahsoka Tano
59.7%
Shaak Ti
58.1%
Eeth Koth
41.9%
Saesee Tiin
37.1%
Agen Kolar
32.3%
Bultar Swan
12.9%
Ayala Secura
8.1%

You're not logged in!

Compare scores with friends on all Sporcle quizzes.
OR
Log In

You Might Also Like...

Show Comments

Extras

Created Apr 22, 2017ReportNominate
Tags:few, jedi, knight, master

Top Quizzes Today


Score Distribution

Your Account Isn't Verified!

In order to create a playlist on Sporcle, you need to verify the email address you used during registration. Go to your Sporcle Settings to finish the process.

Report this User

Report this user for behavior that violates our Community Guidelines.

Details: